[Event "World Chess Olympiad 2018"]
[Site "Batumi"]
[Date "2018.09.27"]
[Round "4"]
[Board "2"]
[WhiteFideId "5201381"]
[White "Gomez John Paul"]
[BlackFideId "4500024"]
[Black "Ladva Ottomar"]
[Result "1/2-1/2"]
[LiveChessVersion "1.4.8"]
[BlackElo "2500"]
[WhiteElo "2464"]

1. d4 {[%clk 1:30:53]} Nf6 {[%clk 1:30:57]} 2. c4 {[%clk 1:31:14]} e6
{[%clk 1:31:25]} 3. g3 {[%clk 1:31:33]} d5 {[%clk 1:30:24]} 4. Nf3
{[%clk 1:31:50]} Be7 {[%clk 1:29:10]} 5. Bg2 {[%clk 1:32:07]} O-O
{[%clk 1:29:35]} 6. O-O {[%clk 1:32:27]} c6 {[%clk 1:27:08]} 7. Qc2
{[%clk 1:31:19]} b6 {[%clk 1:26:56]} 8. Nbd2 {[%clk 1:21:51]} Ba6
{[%clk 1:25:48]} 9. b3 {[%clk 1:20:02]} Nbd7 {[%clk 1:24:05]} 10. e4
{[%clk 1:17:40]} Rc8 {[%clk 1:21:08]} 11. Bb2 {[%clk 1:16:59]} c5
{[%clk 1:15:26]} 12. exd5 {[%clk 1:15:50]} exd5 {[%clk 1:15:27]} 13. Rad1
{[%clk 1:11:56]} cxd4 {[%clk 0:58:20]} 14. Nxd4 {[%clk 1:11:37]} b5
{[%clk 0:54:49]} 15. Qb1 {[%clk 1:04:58]} bxc4 {[%clk 0:54:28]} 16. bxc4
{[%clk 1:05:10]} Bb4 {[%clk 0:36:19]} 17. Nf5 {[%clk 0:26:20]} dxc4
{[%clk 0:28:34]} 18. Bxf6 {[%clk 0:07:12]} Qxf6 {[%clk 0:29:02]} 19. Bh3
{[%clk 0:05:16]} Qb6 {[%clk 0:20:23]} 20. Ne4 {[%clk 0:03:24]} Ne5
{[%clk 0:18:27]} 21. Ne3 {[%clk 0:03:03]} Rb8 {[%clk 0:16:45]} 22. Nd5
{[%clk 0:03:18]} Qh6 {[%clk 0:12:24]} 23. Bg2 {[%clk 0:03:13]} c3
{[%clk 0:12:15]} 24. Rfe1 {[%clk 0:01:57]} Ba5 {[%clk 0:03:01]} 25. Qc2
{[%clk 0:02:19]} Rb2 {[%clk 0:02:16]} 26. Qa4 {[%clk 0:02:45]} c2
{[%clk 0:00:50]} 27. Qxa5 {[%clk 0:03:10]} cxd1=Q {[%clk 0:01:07]} 28. Rxd1
{[%clk 0:03:31]} Kh8 {[%clk 0:00:35]} 29. Qc3 {[%clk 0:03:48]} Qh5
{[%clk 0:00:39]} 30. Ne3 {[%clk 0:01:39]} Rbb8 {[%clk 0:00:37]} 31. h3
{[%clk 0:01:22]} Rfc8 {[%clk 0:00:34]} 32. Qd4 {[%clk 0:01:03]} Nc6
{[%clk 0:00:36]} 33. Qc3 {[%clk 0:00:44]} Qe5 {[%clk 0:00:37]} 34. Qa3
{[%clk 0:01:00]} Qa5 {[%clk 0:00:38]} 35. Qd6 {[%clk 0:01:00]} Be2
{[%clk 0:00:41]} 36. Rd5 {[%clk 0:00:53]} Qc7 {[%clk 0:00:34]} 37. Qa3
{[%clk 0:00:40]} Ne5 {[%clk 0:00:46]} 38. Rc5 {[%clk 0:00:32]} Rb1+
{[%clk 0:00:42]} 39. Kh2 {[%clk 0:01:01]} Nf3+ {[%clk 0:00:35]} 40. Bxf3
{[%clk 0:31:25]} Bxf3 {[%clk 0:31:00]} 41. Ng2 {[%clk 0:31:21]} Qd7
{[%clk 0:05:45]} 42. Rxc8+ {[%clk 0:31:37]} Qxc8 {[%clk 0:06:08]} 43. Qxf3
{[%clk 0:31:59]} Qc1 {[%clk 0:04:06]} 44. g4 {[%clk 0:31:31]} Qc7+
{[%clk 0:04:28]} 45. Ng3 {[%clk 0:31:35]} h6 {[%clk 0:03:31]} 46. Ne3
{[%clk 0:27:22]} Rb2 {[%clk 0:02:45]} 47. a3 {[%clk 0:24:54]} Ra2
{[%clk 0:02:17]} 48. Kg2 {[%clk 0:16:46]} Rxa3 {[%clk 0:02:40]} 49. Nh5
{[%clk 0:16:09]} Rb3 {[%clk 0:02:06]} 50. Qe4 {[%clk 0:11:26]} Qb7
{[%clk 0:02:15]} 51. Nd5 {[%clk 0:11:42]} Rb5 {[%clk 0:01:50]} 52. Qe8+
{[%clk 0:11:44]} Kh7 {[%clk 0:02:19]} 53. Qe4+ {[%clk 0:12:01]} Kh8
{[%clk 0:02:00]} 54. Qe8+ {[%clk 0:11:10]} Kh7 {[%clk 0:02:29]} 55. Qe4+
{[%clk 0:11:20]} Kh8 {[%clk 0:02:58]} 56. Qe8+ {[%clk 0:11:34]} 1/2-1/2

[Event "World Chess Olympiad 2018"]
[Site "Batumi"]
[Date "2018.09.27"]
[Round "4"]
[Board "3"]
[WhiteFideId "4501950"]
[White "Volodin Aleksandr"]
[BlackFideId "5200750"]
[Black "Garcia Jan Emmanuel"]
[Result "1-0"]
[LiveChessVersion "1.4.8"]
[BlackElo "2439"]
[WhiteElo "2457"]

1. c4 {[%clk 1:30:55]} Nf6 {[%clk 1:27:45]} 2. Nf3 {[%clk 1:31:01]} g6
{[%clk 1:24:35]} 3. Nc3 {[%clk 1:31:14]} Bg7 {[%clk 1:23:07]} 4. e4
{[%clk 1:31:29]} d6 {[%clk 1:23:19]} 5. d4 {[%clk 1:22:42]} O-O {[%clk 1:22:24]}
6. Be2 {[%clk 1:19:41]} e5 {[%clk 1:20:49]} 7. d5 {[%clk 1:17:32]} a5
{[%clk 1:16:55]} 8. O-O {[%clk 1:17:10]} Na6 {[%clk 1:16:24]} 9. Bg5
{[%clk 1:17:19]} h6 {[%clk 1:14:26]} 10. Bh4 {[%clk 1:17:33]} g5 {[%clk 1:08:35]}
11. Bg3 {[%clk 1:15:45]} Nh5 {[%clk 1:06:24]} 12. Re1 {[%clk 1:06:07]} Nf4
{[%clk 1:02:15]} 13. Bf1 {[%clk 1:02:58]} Nc5 {[%clk 1:00:27]} 14. Rc1
{[%clk 0:53:13]} Bg4 {[%clk 0:55:44]} 15. b3 {[%clk 0:48:42]} Qc8
{[%clk 0:47:12]} 16. h3 {[%clk 0:41:25]} Bh5 {[%clk 0:42:03]} 17. Bh2
{[%clk 0:36:03]} f5 {[%clk 0:37:40]} 18. Bxf4 {[%clk 0:32:21]} Bxf3
{[%clk 0:25:04]} 19. Qxf3 {[%clk 0:31:19]} fxe4 {[%clk 0:21:27]} 20. Qh5
{[%clk 0:27:13]} Rxf4 {[%clk 0:15:28]} 21. g3 {[%clk 0:27:24]} Rf7
{[%clk 0:10:04]} 22. Rc2 {[%clk 0:19:39]} Qf5 {[%clk 0:09:07]} 23. Re3
{[%clk 0:13:46]} Raf8 {[%clk 0:01:58]} 24. Bg2 {[%clk 0:13:10]} g4
{[%clk 0:01:46]} 25. Qxg4 {[%clk 0:09:42]} Qxg4 {[%clk 0:00:47]} 26. hxg4
{[%clk 0:10:11]} h5 {[%clk 0:00:36]} 27. Nxe4 {[%clk 0:09:45]} Bh6
{[%clk 0:00:35]} 28. Ree2 {[%clk 0:09:21]} Nxe4 {[%clk 0:00:37]} 29. Rxe4
{[%clk 0:09:43]} hxg4 {[%clk 0:00:59]} 30. Rxg4+ {[%clk 0:10:10]} Rg7
{[%clk 0:01:21]} 31. Rxg7+ {[%clk 0:09:55]} Kxg7 {[%clk 0:00:52]} 32. c5
{[%clk 0:10:07]} Rf7 {[%clk 0:00:49]} 33. Be4 {[%clk 0:10:08]} dxc5
{[%clk 0:00:35]} 34. Rxc5 {[%clk 0:10:35]} Bd2 {[%clk 0:00:59]} 35. a3
{[%clk 0:10:14]} Kf8 {[%clk 0:00:43]} 36. Kg2 {[%clk 0:09:13]} Kg7
{[%clk 0:00:37]} 37. Bf3 {[%clk 0:07:49]} Re7 {[%clk 0:00:32]} 38. Kf1
{[%clk 0:07:18]} b6 {[%clk 0:00:31]} 39. Rc6 {[%clk 0:07:31]} Bg5
{[%clk 0:00:34]} 40. Be4 {[%clk 0:36:21]} Kf7 {[%clk 0:30:33]} 41. Ke2
{[%clk 0:35:37]} Kf8 {[%clk 0:17:07]} 42. Bf5 {[%clk 0:34:38]} Rf7
{[%clk 0:12:33]} 43. Be6 {[%clk 0:34:59]} Rg7 {[%clk 0:12:51]} 44. Kd3
{[%clk 0:35:15]} Be7 {[%clk 0:11:02]} 45. Rxc7 {[%clk 0:34:11]} Bc5
{[%clk 0:10:15]} 46. Rc8+ {[%clk 0:32:25]} Ke7 {[%clk 0:10:42]} 47. Ke4
{[%clk 0:28:29]} Bxf2 {[%clk 0:10:01]} 48. g4 {[%clk 0:28:57]} Bc5
{[%clk 0:09:37]} 49. a4 {[%clk 0:28:06]} Bd6 {[%clk 0:05:59]} 50. Rc6
{[%clk 0:28:17]} Rh7 {[%clk 0:06:06]} 51. Rxb6 {[%clk 0:28:35]} Rh1
{[%clk 0:06:25]} 52. Rb7+ {[%clk 0:28:42]} Kf8 {[%clk 0:05:27]} 53. Bf5
{[%clk 0:26:38]} Re1+ {[%clk 0:05:19]} 54. Kf3 {[%clk 0:26:50]} Rf1+
{[%clk 0:03:25]} 55. Ke2 {[%clk 0:27:01]} Rf4 {[%clk 0:03:09]} 56. Rd7
{[%clk 0:25:24]} Bc5 {[%clk 0:03:29]} 57. Rc7 {[%clk 0:20:35]} Bd6
{[%clk 0:03:19]} 58. Ra7 {[%clk 0:20:53]} Bb4 {[%clk 0:02:31]} 59. Ra8+
{[%clk 0:19:40]} Ke7 {[%clk 0:02:53]} 60. Ra6 {[%clk 0:20:08]} Rd4
{[%clk 0:00:51]} 61. Be6 {[%clk 0:18:16]} Kf6 {[%clk 0:00:44]} 62. Ra7
{[%clk 0:15:59]} Rd2+ {[%clk 0:00:39]} 63. Kf3 {[%clk 0:14:58]} Rd3+
{[%clk 0:00:40]} 64. Ke4 {[%clk 0:15:06]} Rd4+ {[%clk 0:00:55]} 65. Ke3
{[%clk 0:15:25]} Rxg4 {[%clk 0:01:13]} 66. Bxg4 {[%clk 0:10:12]} Bc5+
{[%clk 0:01:38]} 67. Ke4 {[%clk 0:10:40]} Bxa7 {[%clk 0:02:07]} 68. d6
{[%clk 0:11:07]} Kf7 {[%clk 0:00:50]} 69. Bd7 {[%clk 0:09:06]} Bd4
{[%clk 0:00:39]} 70. Kd5 {[%clk 0:09:17]} Bc3 {[%clk 0:00:36]} 71. Bb5
{[%clk 0:09:04]} e4 {[%clk 0:00:45]} 72. Kc6 {[%clk 0:09:19]} Be5
{[%clk 0:00:57]} 73. Kb6 {[%clk 0:06:50]} Bxd6 {[%clk 0:01:12]} 74. Kxa5
{[%clk 0:07:15]} Ke7 {[%clk 0:01:32]} 75. Bc6 {[%clk 0:05:02]} Kd8
{[%clk 0:00:36]} 76. b4 {[%clk 0:04:24]} Kc7 {[%clk 0:00:37]} 77. b5
{[%clk 0:04:33]} e3 {[%clk 0:00:36]} 78. Bf3 {[%clk 0:05:01]} Kb8
{[%clk 0:00:33]} 79. b6 {[%clk 0:05:05]} Be5 {[%clk 0:00:32]} 80. Kb5
{[%clk 0:05:27]} Bd4 {[%clk 0:00:34]} 81. a5 {[%clk 0:05:51]} e2 {[%clk 0:00:34]}
82. Bxe2 {[%clk 0:06:19]} 1-0

[Event "World Chess Olympiad 2018"]
[Site "Batumi"]
[Date "2018.09.27"]
[Round "4"]
[Board "4"]
[WhiteFideId "5203953"]
[White "Pascua Haridas"]
[BlackFideId "4500458"]
[Black "Sirosh Ilja"]
[Result "1/2-1/2"]
[LiveChessVersion "1.4.8"]
[BlackElo "2380"]
[WhiteElo "2435"]

1. Nf3 {[%clk 1:30:49]} Nf6 {[%clk 1:30:55]} 2. g3 {[%clk 1:31:01]} d5
{[%clk 1:31:19]} 3. Bg2 {[%clk 1:31:13]} g6 {[%clk 1:31:43]} 4. b3
{[%clk 1:31:14]} Bg7 {[%clk 1:32:00]} 5. Bb2 {[%clk 1:31:37]} c5 {[%clk 1:31:50]}
6. c4 {[%clk 1:30:37]} d4 {[%clk 1:31:30]} 7. O-O {[%clk 1:28:18]} Nc6
{[%clk 1:30:54]} 8. e3 {[%clk 1:28:40]} O-O {[%clk 1:28:36]} 9. exd4
{[%clk 1:28:54]} cxd4 {[%clk 1:27:44]} 10. Re1 {[%clk 1:29:05]} Nd7
{[%clk 1:25:28]} 11. d3 {[%clk 1:26:04]} Re8 {[%clk 1:16:20]} 12. Ba3
{[%clk 1:21:45]} a5 {[%clk 1:10:23]} 13. Nbd2 {[%clk 1:13:08]} h6
{[%clk 1:01:30]} 14. Nh4 {[%clk 0:56:26]} Nb4 {[%clk 0:44:54]} 15. Bxb4
{[%clk 0:50:52]} axb4 {[%clk 0:45:21]} 16. a4 {[%clk 0:50:59]} Ra6
{[%clk 0:31:59]} 17. f4 {[%clk 0:47:21]} e5 {[%clk 0:24:28]} 18. Qe2
{[%clk 0:35:11]} f5 {[%clk 0:21:44]} 19. Bd5+ {[%clk 0:19:10]} Kh7
{[%clk 0:21:15]} 20. Rad1 {[%clk 0:17:22]} Rf8 {[%clk 0:18:33]} 21. fxe5
{[%clk 0:15:18]} Nxe5 {[%clk 0:18:11]} 22. Ndf3 {[%clk 0:13:48]} Ng4
{[%clk 0:12:50]} 23. Ng2 {[%clk 0:14:13]} g5 {[%clk 0:12:56]} 24. Qe7
{[%clk 0:12:55]} Nf6 {[%clk 0:08:54]} 25. Bxb7 {[%clk 0:08:23]} Qxe7
{[%clk 0:09:05]} 26. Rxe7 {[%clk 0:08:49]} Ra7 {[%clk 0:09:26]} 27. Rxg7+
{[%clk 0:06:57]} Kxg7 28. Bxc8 Rxc8 {[%clk 0:10:14]} 29. Nxd4 {[%clk 0:07:51]}
Kg6 {[%clk 0:09:30]} 30. Ne3 {[%clk 0:04:06]} f4 {[%clk 0:08:48]} 31. gxf4
{[%clk 0:04:32]} gxf4 {[%clk 0:09:13]} 32. Ng2 {[%clk 0:04:00]} Nh5
{[%clk 0:09:18]} 33. Kf2 {[%clk 0:03:55]} Rd7 {[%clk 0:08:42]} 34. Nc2
{[%clk 0:03:44]} Kg5 {[%clk 0:06:48]} 35. Rg1 {[%clk 0:03:29]} Nf6
{[%clk 0:06:27]} 36. h3 {[%clk 0:01:41]} Rxd3 {[%clk 0:06:09]} 37. Nge1+
{[%clk 0:01:47]} Rg3 {[%clk 0:06:38]} 38. Rxg3+ {[%clk 0:01:24]} fxg3+
{[%clk 0:07:06]} 39. Kxg3 {[%clk 0:01:50]} Ne4+ {[%clk 0:07:23]} 40. Kg2
{[%clk 0:31:32]} Nc5 {[%clk 0:35:18]} 41. Nxb4 {[%clk 0:19:11]} Nxb3
{[%clk 0:33:59]} 42. Nf3+ {[%clk 0:19:30]} Kf6 {[%clk 0:30:35]} 43. Nd5+
{[%clk 0:19:21]} Kg7 {[%clk 0:28:01]} 44. Ne5 {[%clk 0:18:34]} Rc5
{[%clk 0:27:23]} 45. Kf3 {[%clk 0:18:07]} Ra5 {[%clk 0:27:15]} 46. Kf4
{[%clk 0:15:23]} Rxa4 {[%clk 0:26:58]} 47. Ne3 {[%clk 0:15:46]} Nc5
{[%clk 0:24:23]} 48. Nf5+ {[%clk 0:15:47]} Kh7 {[%clk 0:23:35]} 49. h4
{[%clk 0:15:59]} Ra3 {[%clk 0:20:29]} 50. Ng4 {[%clk 0:14:24]} Rc3
{[%clk 0:16:32]} 51. Ngxh6 {[%clk 0:11:22]} Rxc4+ {[%clk 0:16:52]} 52. Kf3
{[%clk 0:09:59]} Ne6 {[%clk 0:16:35]} 53. h5 {[%clk 0:09:10]} Ra4
{[%clk 0:14:05]} 54. Kg3 {[%clk 0:08:40]} Nf4 {[%clk 0:13:28]} 55. Kg4
{[%clk 0:09:03]} Ne6+ {[%clk 0:08:43]} 56. Kg3 {[%clk 0:09:25]} Rf4
{[%clk 0:09:01]} 57. Kh3 {[%clk 0:09:48]} Ng7 {[%clk 0:06:28]} 58. Nxg7
{[%clk 0:07:17]} Kxh6 {[%clk 0:06:53]} 59. Ne6 {[%clk 0:06:39]} Re4
{[%clk 0:07:13]} 60. Nc5 {[%clk 0:06:46]} Rc4 {[%clk 0:05:54]} 61. Ne6
{[%clk 0:07:07]} Re4 {[%clk 0:06:16]} 62. Nc5 {[%clk 0:07:25]} Re5
{[%clk 0:06:45]} 63. Nd7 {[%clk 0:07:45]} Re7 {[%clk 0:03:42]} 64. Nf6
{[%clk 0:07:49]} Kg5 {[%clk 0:04:06]} 65. Ng4 {[%clk 0:08:10]} Ra7
{[%clk 0:04:15]} 66. Nf2 {[%clk 0:08:15]} Kxh5 {[%clk 0:04:35]} 67. Kg3
{[%clk 0:08:33]} Ra3+ {[%clk 0:05:01]} 68. Kf4 {[%clk 0:08:59]} Kg6
{[%clk 0:05:12]} 69. Ne4 {[%clk 0:09:25]} Ra5 {[%clk 0:05:29]} 70. Nd6
{[%clk 0:09:50]} Kf6 {[%clk 0:05:54]} 71. Ne4+ {[%clk 0:10:16]} Ke6
{[%clk 0:06:19]} 72. Ng5+ {[%clk 0:10:40]} Kd5 {[%clk 0:06:40]} 73. Kf5
{[%clk 0:11:01]} Ra1 {[%clk 0:06:56]} 74. Nf3 {[%clk 0:10:36]} Ra8
{[%clk 0:07:10]} 75. Nh4 {[%clk 0:10:09]} Rf8+ {[%clk 0:07:30]} 76. Kg5
{[%clk 0:10:35]} Rf1 {[%clk 0:07:40]} 77. Ng6 {[%clk 0:10:24]} Ke4
{[%clk 0:07:51]} 78. Nh4 {[%clk 0:10:35]} Rf4 {[%clk 0:04:40]} 79. Ng6
{[%clk 0:10:31]} Rf5+ {[%clk 0:05:03]} 80. Kg4 {[%clk 0:10:57]} Ra5
{[%clk 0:05:24]} 81. Nh4 {[%clk 0:11:16]} Ra4 {[%clk 0:04:07]} 82. Ng6
{[%clk 0:11:40]} Ra1 {[%clk 0:04:07]} 83. Kg5 {[%clk 0:12:06]} Rf1
{[%clk 0:04:33]} 84. Kg4 {[%clk 0:12:15]} Rg1+ {[%clk 0:04:58]} 85. Kh5
{[%clk 0:12:41]} Kf5 {[%clk 0:05:21]} 86. Nh4+ {[%clk 0:13:05]} Kf6
{[%clk 0:05:47]} 87. Nf3 {[%clk 0:13:29]} Rg3 {[%clk 0:06:07]} 88. Nh4
{[%clk 0:13:46]} Rg5+ {[%clk 0:06:32]} 89. Kh6 {[%clk 0:14:04]} Rg8
{[%clk 0:06:55]} 90. Kh5 {[%clk 0:14:15]} Rg5+ {[%clk 0:07:11]} 91. Kh6
{[%clk 0:14:40]} Ra5 {[%clk 0:07:39]} 92. Ng6 {[%clk 0:14:02]} Ra6
{[%clk 0:07:01]} 93. Nh4 {[%clk 0:14:22]} Ra8 {[%clk 0:06:47]} 94. Kh5
{[%clk 0:14:38]} Rg8 {[%clk 0:07:12]} 95. Nf3 {[%clk 0:15:04]} Kf5
{[%clk 0:07:20]} 96. Nh4+ {[%clk 0:15:30]} Ke5 {[%clk 0:07:46]} 97. Ng6+
{[%clk 0:15:41]} Rxg6 {[%clk 0:08:03]} 98. Kxg6 {[%clk 0:16:04]} 1/2-1/2

[Event "World Chess Olympiad 2018"]
[Site "Batumi"]
[Date "2018.09.27"]
[Round "4"]
[Board "1"]
[WhiteFideId "3000010"]
[White "Rodriguez Vila Andres"]
[BlackFideId "2900017"]
[Black "Georgiev Kiril"]
[Result "1/2-1/2"]
[LiveChessVersion "1.4.8"]
[BlackElo "2590"]
[WhiteElo "2477"]

1. d4 {[%clk 1:30:54]} Nf6 {[%clk 1:29:38]} 2. Nc3 {[%clk 1:31:18]} d5
{[%clk 1:29:43]} 3. Bf4 {[%clk 1:31:45]} e6 {[%clk 1:23:49]} 4. Nb5
{[%clk 1:32:07]} Na6 {[%clk 1:22:47]} 5. e3 {[%clk 1:32:33]} c6 {[%clk 1:22:57]}
6. Nc3 {[%clk 1:32:59]} b5 {[%clk 1:18:14]} 7. Nf3 {[%clk 1:27:12]} Bd6
{[%clk 1:17:35]} 8. Ne5 {[%clk 1:26:30]} Bb7 {[%clk 1:15:41]} 9. Be2
{[%clk 1:12:04]} O-O {[%clk 1:15:33]} 10. O-O {[%clk 1:12:31]} b4
{[%clk 1:13:48]} 11. Na4 {[%clk 1:10:35]} c5 {[%clk 1:09:08]} 12. Re1
{[%clk 1:05:59]} cxd4 {[%clk 1:04:53]} 13. exd4 {[%clk 1:05:52]} Rc8
{[%clk 1:00:59]} 14. Bd3 {[%clk 1:05:05]} Ne4 {[%clk 0:57:15]} 15. f3
{[%clk 1:04:15]} Nf6 {[%clk 0:55:45]} 16. Bg5 {[%clk 0:56:17]} Be7
{[%clk 0:53:39]} 17. Qe2 {[%clk 0:55:42]} Qa5 {[%clk 0:52:58]} 18. b3
{[%clk 0:55:26]} Nb8 {[%clk 0:52:55]} 19. Qd2 {[%clk 0:41:05]} Ba6
{[%clk 0:47:17]} 20. a3 {[%clk 0:39:31]} Bxd3 {[%clk 0:43:43]} 21. Nxd3
{[%clk 0:38:25]} Qc7 {[%clk 0:43:09]} 22. Nxb4 {[%clk 0:33:14]} a5
{[%clk 0:42:37]} 23. Bf4 {[%clk 0:30:55]} Qa7 {[%clk 0:39:55]} 24. Nd3
{[%clk 0:27:39]} Qxd4+ {[%clk 0:37:49]} 25. Be3 {[%clk 0:27:52]} Qh4
{[%clk 0:38:06]} 26. Nf4 {[%clk 0:19:50]} Nfd7 {[%clk 0:34:31]} 27. g3
{[%clk 0:10:41]} Qf6 {[%clk 0:33:43]} 28. Bd4 {[%clk 0:05:23]} Qf5
{[%clk 0:32:07]} 29. Bc3 {[%clk 0:01:55]} Bf6 {[%clk 0:25:20]} 30. Bxf6
{[%clk 0:01:18]} Rxc2 {[%clk 0:19:36]} 31. g4 {[%clk 0:01:28]} Rxd2
{[%clk 0:16:19]} 32. gxf5 {[%clk 0:01:57]} Nxf6 {[%clk 0:16:38]} 33. fxe6
{[%clk 0:02:20]} Nc6 {[%clk 0:13:52]} 34. exf7+ {[%clk 0:00:46]} Rxf7
{[%clk 0:11:44]} 35. Ne6 {[%clk 0:01:12]} h6 {[%clk 0:07:09]} 36. Rac1
{[%clk 0:01:41]} Nd4 {[%clk 0:07:09]} 37. Rc8+ {[%clk 0:00:58]} Kh7
{[%clk 0:07:36]} 38. Nxd4 {[%clk 0:01:06]} Rxd4 {[%clk 0:08:03]} 39. Nc5
{[%clk 0:01:08]} g5 {[%clk 0:05:46]} 40. Ra8 {[%clk 0:31:18]} g4 {[%clk 0:31:54]}
41. Ne6 {[%clk 0:24:52]} Rd2 {[%clk 0:30:46]} 42. Rf1 {[%clk 0:19:29]} Re7
{[%clk 0:27:34]} 43. Ra6 {[%clk 0:19:03]} gxf3 {[%clk 0:23:09]} 44. Rxf3
{[%clk 0:19:19]} Ne4 {[%clk 0:21:41]} 45. Nf8+ {[%clk 0:16:37]} Kg8
{[%clk 0:21:33]} 46. Rxh6 {[%clk 0:15:19]} Rd1+ {[%clk 0:16:40]} 47. Kg2
{[%clk 0:15:43]} Rd2+ {[%clk 0:17:00]} 48. Kg1 {[%clk 0:15:23]} Rd1+
{[%clk 0:17:00]} 49. Kg2 {[%clk 0:15:49]} Rd2+ {[%clk 0:17:18]} 50. Kg1
{[%clk 0:16:15]} Rd1+ {[%clk 0:17:05]} 1/2-1/2

[Event "World Chess Olympiad 2018"]
[Site "Batumi"]
[Date "2018.09.27"]
[Round "4"]
[Board "2"]
[WhiteFideId "15002187"]
[White "Pancevski Filip"]
[BlackFideId "3000028"]
[Black "Roselli Mailhe Bernardo"]
[Result "1-0"]
[LiveChessVersion "1.4.8"]
[BlackElo "2439"]
[WhiteElo "2489"]

1. c4 {[%clk 1:30:57]} e5 {[%clk 1:30:30]} 2. g3 {[%clk 1:31:23]} Nc6
{[%clk 1:30:40]} 3. Bg2 {[%clk 1:31:51]} Bc5 {[%clk 1:30:40]} 4. Nc3
{[%clk 1:32:13]} a6 {[%clk 1:30:42]} 5. e3 {[%clk 1:32:15]} d6 {[%clk 1:31:05]}
6. Nge2 {[%clk 1:31:35]} Nge7 {[%clk 1:31:02]} 7. d4 {[%clk 1:30:59]} Ba7
{[%clk 1:31:25]} 8. b3 {[%clk 1:31:01]} h5 {[%clk 1:22:52]} 9. h3
{[%clk 1:20:16]} h4 {[%clk 1:23:08]} 10. g4 {[%clk 1:20:39]} f5 {[%clk 1:23:22]}
11. d5 {[%clk 0:59:34]} Nb8 {[%clk 1:22:10]} 12. gxf5 {[%clk 0:59:54]} Nxf5
{[%clk 1:19:19]} 13. Ne4 {[%clk 0:55:30]} Nd7 {[%clk 1:08:28]} 14. N2c3
{[%clk 0:50:52]} Qe7 {[%clk 1:03:33]} 15. Rg1 {[%clk 0:40:12]} Nf8
{[%clk 0:51:59]} 16. Ba3 {[%clk 0:34:58]} Bd7 {[%clk 0:47:19]} 17. Qd3
{[%clk 0:34:23]} Nh7 {[%clk 0:45:58]} 18. Bf3 {[%clk 0:27:21]} O-O
{[%clk 0:46:12]} 19. Bg4 {[%clk 0:22:52]} Rab8 {[%clk 0:43:21]} 20. O-O-O
{[%clk 0:18:42]} b5 {[%clk 0:40:53]} 21. cxb5 {[%clk 0:17:47]} axb5
{[%clk 0:41:17]} 22. Bb4 {[%clk 0:18:14]} Nh6 {[%clk 0:35:51]} 23. Bxd7
{[%clk 0:16:04]} Qxd7 {[%clk 0:36:14]} 24. Rg6 {[%clk 0:15:09]} Qxh3
{[%clk 0:28:28]} 25. Rdg1 {[%clk 0:14:25]} Nf5 {[%clk 0:28:50]} 26. Qd1
{[%clk 0:11:56]} Bxe3+ {[%clk 0:19:41]} 27. fxe3 {[%clk 0:12:19]} Qxe3+
{[%clk 0:20:04]} 28. Kb1 {[%clk 0:12:32]} Qd4 {[%clk 0:16:56]} 29. R6g4
{[%clk 0:06:06]} Qxd1+ {[%clk 0:15:19]} 30. Nxd1 {[%clk 0:06:28]} Rf7
{[%clk 0:15:41]} 31. Be1 {[%clk 0:03:16]} b4 {[%clk 0:13:44]} 32. Bxh4
{[%clk 0:02:04]} Rb5 {[%clk 0:14:00]} 33. Be1 {[%clk 0:02:23]} Rxd5
{[%clk 0:10:26]} 34. Bxb4 {[%clk 0:02:45]} c5 {[%clk 0:09:22]} 35. Bd2
{[%clk 0:01:35]} Rd3 {[%clk 0:08:29]} 36. Nb2 {[%clk 0:01:08]} Rh3
{[%clk 0:06:24]} 37. Nc4 {[%clk 0:01:10]} d5 {[%clk 0:01:55]} 38. Nxe5
{[%clk 0:01:12]} Re7 {[%clk 0:02:21]} 39. Nf2 {[%clk 0:00:43]} Rh2
{[%clk 0:02:25]} 40. Ned3 {[%clk 0:30:55]} c4 {[%clk 0:30:36]} 41. bxc4
{[%clk 0:28:12]} dxc4 {[%clk 0:30:11]} 42. Rxc4 {[%clk 0:28:08]} Nf6
{[%clk 0:30:25]} 43. Bf4 {[%clk 0:26:25]} Rh5 {[%clk 0:30:17]} 44. Rc8+
{[%clk 0:23:58]} Kh7 {[%clk 0:30:27]} 45. Rc7 {[%clk 0:19:04]} Rxc7
{[%clk 0:30:04]} 46. Bxc7 {[%clk 0:19:21]} Nd5 {[%clk 0:25:53]} 47. Be5
{[%clk 0:19:15]} g5 {[%clk 0:26:16]} 48. Ne4 {[%clk 0:19:07]} g4 {[%clk 0:25:09]}
49. Nf4 {[%clk 0:16:21]} Nxf4 {[%clk 0:24:58]} 50. Nf6+ {[%clk 0:15:38]} Kg6
{[%clk 0:24:31]} 51. Nxh5 {[%clk 0:15:54]} Nxh5 {[%clk 0:24:20]} 52. Rxg4+
{[%clk 0:16:18]} Kf7 {[%clk 0:24:42]} 53. Rg5 {[%clk 0:16:38]} 1-0